00291nam a2200121Ia 4500008004100000100001600041245003000057260002600087300000800113650002300121942000800144999001700152190216s9999||||xx |||||||||||||| ||und|| aAnjini Kaul 0aScience Technology T.B. X bNcrt - Newdelhic2003 a230 aScience Technology cREF c36683d36683